Toutes les chansons d'Aya Nakamura - Statistiques

Statistiques générales
  • Ce quiz a été pris 113 fois
    13 depuis la dernière actualisation
  • Le résultat moyen est 87 sur 138
Statistiques - réponses
Hint Réponse % Correct
2 Djadja
100%
2018 Djadja (feat. Loredana)
100%
2020 Djadja (feat. Maluma)
100%
10 Comportement
91%
4 Copines
91%
11 Hot
91%
2018 Love
91%
5 Pookie
91%
2019 Pookie (feat. Capo Plaza)
91%
2019 Pookie (feat. Lil Pump)
91%
14 Soldat
91%
9 Sucette (feat. Niska)
91%
18 Sucette (feat. Niska) [Remix]
91%
10 Whine up
91%
16 40%
82%
1 Angela
82%
2 Baby
82%
2026 Balek (feat. TRIANGLE DES BERMUDES)
82%
7 Brisé
82%
2018 Cadeau (feat. Naza)
82%
8 Cadeau (feat. Tiakola)
82%
6 Ça fait mal
82%
9 Carnet d'adresses
82%
3 Daddy (feat. SDM)
82%
3 Debout
82%
4 Doudou
82%
5 Fly
82%
11 Gang (feat. Davido)
82%
13 Haut niveau
82%
9 J'ai mal
82%
1 La dot
82%
13 La machine
82%
11 Obsession
82%
13 Oula
82%
3 Pompom
82%
15 Préféré (feat. Oboy)
82%
5 Problèmes (feat. MHD)
82%
6 Réponds
82%
11 Soirée parisienne (feat. Jizo Djohn.P)
82%
16 Super héros (feat. Gradur)
82%
4 Alien
73%
1 Anesthésie
73%
2017 Bad Boy (feat. Fally Ipupa)
73%
17 Baddies (feat. Joé Dwèt Filé)
73%
6 Biff
73%
2 Bisous
73%
12 Chacun (feat. Kim)
73%
3 Chérie
73%
1 Corazon
73%
12 Dans ma bulle
73%
2022 Dégaine (feat. Damso)
73%
8 Fuego (feat. Dadju)
73%
8 Gangster
73%
4 Karma
73%
18 Kouma
73%
2025 Kouma - A COLORS SHOW
73%
11 Le goût
73%
2018 Le passé
73%
19 Moi
73%
2 No stress
73%
17 Oublier
73%
2 Oumou Sangaré
73%
1 Plus jamais (feat. Stormzy)
73%
5 Tous les jours
73%
3 Baby Boy (feat. Kali Uchis)
64%
9 Ça blesse
64%
17 Claqué
64%
10 Coller
64%
1 Come back
64%
13 Désarmer
64%
7 Faya
64%
15 Fin
64%
2024 Hypé
64%
2024 Hypé (feat. Ayra Starr)
64%
15 Idiot
64%
5 Il veut
64%
2014 J'ai mal, Pt. 1
64%
18 J'ai mal, Pt. 2
64%
12 Jalousie (feat. Lartiste)
64%
9 Je n'ai pas besoin de toi
64%
3 Jolie nana
64%
8 Love de moi
64%
12 Nirvana
64%
15 Orphelin (feat. KeBlack)
64%
12 Pamela (feat. Kany)
64%
13 Papys
64%
7 Sentiments grandissants
64%
14 Si tu savais
64%
4 SMS
64%
7 Beleck
55%
8 Bueno
55%
2025 Chimiyé
55%
2019 Dale x Love Therapy (feat. Hamza)
55%
14 Débrancher
55%
7 Dis-moi (feat. Shenseea)
55%
2019 Je m'en tape (feat. Oboy & Dopebwoy)
55%
2026 J'PENSE À TOI (feat. RnBoi)
55%
2015 Love d'un voyou (feat. Fababy)
55%
2021 Sans moi (feat. Franglish)
55%
6 Summum
55%
2 Tchop
55%
15 Tralala (feat. JayO)
55%
2022 VIP
55%
2024 VIP (feat. Kalash)
55%
2025 10 sur 10 (feat. Guy2Bezbar)
45%
2018 Bébé (feat. ZK)
45%
2024 Coucou
45%
16 Criminel
45%
2023 Djo (feat. Franglish & Hamza)
45%
2018 Drogué
45%
16 Kata
45%
2022 Méchante
45%
2018 Monaco (feat. Niska)
45%
10 Mon chéri
45%
14 Mon lossa (feat. Ms Banks)
45%
2016 Mon voisin
45%
17 Plus la même
45%
6 T'as peur (feat. Myke Towers)
45%
2024 42
36%
14 Bloqué
36%
10 Blues
36%
2021 Bobo
36%
2017 Moi je vérifie (feat. Naza & Dadju)
36%
2025 PARISIENNE (feat. GIMS)
36%
2025 SÉCURITÉ (feat. Himra)
36%
2016 Sorry (feat. Abou Debeing)
36%
2021 C'est cuit (feat. Major Lazer & Swae Lee)
27%
2025 Chouchou (feat. Dj Kawest)
27%
2018 Pourquoi tu forces (feat. DJ E-Rise)
27%
2024 Avec classe (feat. Trinix & Corneille)
18%
2024 Chaleur (feat. Werenoi)
18%
2018 Comme ci comme ça (feat. Tour 2 Garde)
18%
2022 Contvct (feat. Rsko)
18%
2024 Doggy
18%
2019 Follow back (feat. Dabs)
18%
2024 Si Si (feat. SativaMusic, Morad & Dj Leska)
18%
2021 Ailleurs
9%
2021 Panama (feat. Capo Plaza)
9%
Aucun quiz correspondant
Distribution des résultats
% des personnes avec chaque résultat
Percentile par nombre de réponses
Votre historique - résultats
Vous n’avez pas pris ce quiz depuis la dernière actualisation